| 000 | 01523cam a22003614a 4500 | ||
|---|---|---|---|
| 001 | 13038840 | ||
| 005 | 20220326193303.0 | ||
| 008 | 021118s2002 fr b 000 0 fre | ||
| 010 | _a 2003422880 | ||
| 020 | _a2020558157 | ||
| 035 | _a(FrPJT)JTL00102797 | ||
| 040 |
_aDLC _cDLC _dDLC |
||
| 042 | _apcc | ||
| 043 |
_an-us--- _aaw----- |
||
| 082 | 0 | 0 |
_a973.931 _bR888i |
| 100 | 1 |
_aRoy, Olivier, _d1949- _91530 |
|
| 245 | 1 | 4 |
_aLes illusions du 11 septembre : _ble débat stratégique face au terrorisme / _cOlivier Roy. |
| 260 |
_aParis : _bSeuil, _cc2002. |
||
| 300 |
_a86 p. ; _c21 cm. |
||
| 440 | 3 |
_aLa république des idées _91531 |
|
| 504 | _aIncludes bibliographical references. | ||
| 505 |
_tLes illusions du 11 septembre :le débat stratégique face au terrorisme _rRoy, Olivier _tLa Guerre contre el terrorisme _tLa campanagne d`afghanistan _tles états-Unis et le Moyen Orient _tles états-Unis face à lìslam et l`islamisme |
||
| 650 | 0 |
_aTerrorism _xPrevention. _91532 |
|
| 650 | 0 |
_aSeptember 11 Terrorist Attacks, 2001. _91533 |
|
| 650 | 0 |
_aWar on Terrorism, 2001-2009. _91534 |
|
| 650 | 0 |
_aIslamic fundamentalism. _91535 |
|
| 651 | 0 |
_aUnited States _xRelations _zMiddle East. _91536 |
|
| 651 | 0 |
_aMiddle East _xRelations _zUnited States. _91537 |
|
| 651 | 0 |
_aUnited States _xForeign relations _y2001-2009 _xPhilosophy. _91538 |
|
| 700 |
_aRoy, Olivier _91539 |
||
| 906 |
_a7 _bcbc _corigres _d3 _encip _f20 _gy-gencatlg |
||
| 999 |
_c323 _d323 |
||